Manual práctico para el cultivo del pimiento en agricultura protegida / (Record no. 217618)
[ view plain ]
| 000 -CABECERA | |
|---|---|
| campo de control de longitud fija | 00878 a2200229 4500 |
| 003 - IDENTIFICADOR DEL NÚMERO DE CONTROL | |
| campo de control | OSt |
| 005 - FECHA Y HORA DE LA ÚLTIMA TRANSACCIÓN | |
| campo de control | 20230420121854.0 |
| 008 - DATOS DE LONGITUD FIJA--INFORMACIÓN GENERAL | |
| campo de control de longitud fija | 220823b2018 spaad||f |||| 001 0 spa d |
| 020 ## - NÚMERO INTERNACIONAL ESTÁNDAR DEL LIBRO | |
| Número Internacional Estándar del Libro | 9788484766704 |
| 040 ## - FUENTE DE LA CATALOGACIÓN | |
| Centro/agencia transcriptor | CHAP |
| 082 00 - NÚMERO DE LA CLASIFICACIÓN DECIMAL DEWEY | |
| Número de clasificación | 635.64383 |
| Número de documento/Ítem | M42 |
| Número de edición | 22 |
| 100 1# - ENTRADA PRINCIPAL--NOMBRE DE PERSONA | |
| 9 (RLIN) | 186734 |
| Nombre de persona | Matarín Guil, Antonio Salvador |
| 245 10 - MENCIÓN DE TÍTULO | |
| Título | Manual práctico para el cultivo del pimiento en agricultura protegida / |
| Mención de responsabilidad, etc. | por Antonio Salvador Matarín Guil e Isidro Morales García |
| 264 #1 - PRODUCCIÓN, PUBLICACIÓN, DISTRIBUCIÓN, FABRICACIÓN Y COPYRIGHT | |
| Producción, publicación, distribución, fabricación y copyright | España: |
| Nombre del de productor, editor, distribuidor, fabricante | Mundi-Prensa, |
| Fecha de producción, publicación, distribución, fabricación o copyright | 2018. |
| 300 ## - DESCRIPCIÓN FÍSICA | |
| Extensión | 216 páginas |
| Otras características físicas | ilustraciones, cuadros, gráficas, fotos, tablas |
| 504 ## - NOTA DE BIBLIOGRAFÍA, ETC. | |
| Nota de bibliografía, etc. | Incluye índice y bibliografía |
| 650 #4 - PUNTO DE ACCESO ADICIONAL DE MATERIA--TÉRMINO DE MATERIA | |
| 9 (RLIN) | 132665 |
| Término de materia o nombre geográfico como elemento de entrada | Chile pimiento |
| Subdivisión general | Cultivos en invernadero |
| 650 #4 - PUNTO DE ACCESO ADICIONAL DE MATERIA--TÉRMINO DE MATERIA | |
| 9 (RLIN) | 131530 |
| Término de materia o nombre geográfico como elemento de entrada | Chile pimiento |
| Subdivisión general | Fisiología y morfología |
| 650 #4 - PUNTO DE ACCESO ADICIONAL DE MATERIA--TÉRMINO DE MATERIA | |
| 9 (RLIN) | 22476 |
| Término de materia o nombre geográfico como elemento de entrada | Chile pimiento |
| Subdivisión general | Enfermedades |
| 700 1# - PUNTO DE ACCESO ADICIONAL--NOMBRE DE PERSONA | |
| 9 (RLIN) | 186735 |
| Nombre de persona | Morales García, Isidro |
| 942 ## - ELEMENTOS DE PUNTO DE ACCESO ADICIONAL (KOHA) | |
| Fuente del sistema de clasificación o colocación | Dewey Decimal Classification |
| Tipo de ítem Koha | Libro |
| Estado de retiro | Estado de pérdida | Fuente del sistema de clasificación o colocación | Estado dañado | Restricciones de uso | No para préstamo | Código de colección | Localización permanente | Ubicación/localización actual | Ubicación en estantería | Fecha de adquisición | Total de préstamos | Signatura topográfica completa | Código de barras | Fecha visto por última vez | Precio válido a partir de | Tipo de ítem Koha |
|---|---|---|---|---|---|---|---|---|---|---|---|---|---|---|---|---|
| Dewey Decimal Classification | Préstamo 15 días | General | Biblioteca Central | Biblioteca Central | Planta principal - Colección General | 19/04/2023 | 635.64383 M42 | 33724002573132 | 19/04/2023 | 19/04/2023 | Libro |
